[Event "28.Schlosspark-Open"]
[Site "Wiesbaden-Biebrich"]
[Date "2016.08.26"]
[Round "3.53"]
[White "Grieb, Stefan"]
[Black "Busch, GÃ¼nther"]
[Result "1-0"]
[WhiteElo "1892"]
[BlackElo "1572"]
[PlyCount "79"]
[EventDate "2016.??.??"]
[WhiteTeam "SK Gau-Algesheim"]
[BlackTeam "FC Bierstadt"]

1. d4 d6 2. g3 g6 3. Bg2 Bg7 4. Nf3 e6 5. O-O Nd7 6. c4 Ne7 7. Nc3 a6 8. Bg5 h6
9. Bd2 O-O 10. b4 Rb8 11. a4 b6 12. Qc2 Bb7 13. Rfd1 Kh7 14. a5 Nc6 15. axb6
cxb6 16. b5 Na5 17. bxa6 Bxa6 18. Nb5 Bxb5 19. cxb5 Rc8 20. Qd3 Nc4 21. Rdc1
Nxd2 22. Nxd2 Rxc1+ 23. Rxc1 d5 24. h4 f5 25. e3 Qb8 26. Qc3 Qe8 27. Qc6 Rf6
28. Qb7 Bf8 29. Rc8 Qe7 30. Rc7 Rf7 31. Nf3 Bg7 32. Bf1 Qe8 33. Kg2 Re7 34. Bd3
Bf6 35. Be2 Rf7 36. Ne1 Bd8 37. Rc8 Qe7 38. Nd3 Nf6 39. Qa8 Rf8 40. Ne5 1-0

[Event "28.Schlosspark-Open"]
[Site "Wiesbaden-Biebrich"]
[Date "2016.08.26"]
[Round "3.54"]
[White "Lehmann, Wolfgang"]
[Black "Berger, Ewald"]
[Result "0-1"]
[WhiteElo "1585"]
[BlackElo "1886"]
[PlyCount "56"]
[EventDate "2016.??.??"]
[WhiteTeam "Wiesbadener SV"]
[BlackTeam "SC Butzbach"]

1. d4 f5 2. Nf3 Nf6 3. g3 g6 4. Bg2 Bg7 5. c4 O-O 6. O-O d6 7. Nc3 Qe8 8. Re1
c6 9. d5 h6 10. dxc6 Nxc6 11. Nd5 Nxd5 12. cxd5 Ne5 13. Nxe5 dxe5 14. Qb3 Qf7
15. f4 e4 16. e3 Rd8 17. Rd1 Rd6 18. Bf1 b6 19. Bc4 Bb7 20. a4 Rad8 21. a5 e6
22. Bd2 exd5 23. Be2 d4 24. Qxf7+ Kxf7 25. exd4 Bxd4+ 26. Kf1 Bxb2 27. Rab1
Rxd2 28. Rxb2 Rxd1+ 0-1

[Event "28.Schlosspark-Open"]
[Site "Wiesbaden-Biebrich"]
[Date "2016.08.26"]
[Round "3.55"]
[White "Launert, Martin"]
[Black "MÃ¼nstermann, Matthias"]
[Result "1/2-1/2"]
[WhiteElo "1880"]
[BlackElo "1560"]
[PlyCount "120"]
[EventDate "2016.??.??"]
[WhiteTeam "Sfr. Erbach"]
[BlackTeam "SK Langen"]

1. e4 c5 2. Nf3 d6 3. d4 cxd4 4. Nxd4 g6 5. Be3 Bg7 6. Nc3 Nf6 7. Qd2 Ng4 8.
Bg5 h6 9. Bh4 Nc6 10. Nb3 O-O 11. h3 Nf6 12. Bxf6 exf6 13. O-O-O f5 14. exf5
Bxf5 15. a3 Rc8 16. g4 Be6 17. Kb1 Bxb3 18. cxb3 Nd4 19. Bc4 a6 20. Bd5 Qd7 21.
f4 Rfe8 22. Qf2 Nb5 23. Na4 Qe7 24. Rhe1 Qf6 25. Rxe8+ Rxe8 26. Bxb7 Nxa3+ 27.
Ka2 Nb5 28. Bxa6 Nc7 29. Bc4 Ra8 30. Kb1 Rd8 31. Qd2 d5 32. Nc3 d4 33. Ne4 Qc6
34. Re1 Nd5 35. Qa5 Nb6 36. Bd3 Rc8 37. Qd2 Qd5 38. Qd1 Ra8 39. Nd2 Qa5 40. Kc2
Nd5 41. Nc4 Rc8 42. Re8+ Rxe8 43. Nxa5 Ne3+ 44. Kd2 Nxd1 45. Kxd1 Re3 46. Kc2
Rxh3 47. b4 Rh2+ 48. Kb3 Rd2 49. Kc4 Rxb2 50. b5 h5 51. gxh5 gxh5 52. Nb3 Bh6
53. Nxd4 Bxf4 54. Kc3 Ra2 55. b6 Ra8 56. b7 Rd8 57. Kc4 Kg7 58. Bf5 Rxd4+ 59.
Kxd4 Kf6 60. Bh3 Kg5 1/2-1/2

[Event "28.Schlosspark-Open"]
[Site "Wiesbaden-Biebrich"]
[Date "2016.08.26"]
[Round "3.56"]
[White "Happel, JÃ¼rgen"]
[Black "Lesny, Florian"]
[Result "1/2-1/2"]
[WhiteElo "1565"]
[BlackElo "1853"]
[PlyCount "55"]
[EventDate "2016.??.??"]
[WhiteTeam "SV Hofheim"]
[BlackTeam "SK Niederbrechen"]

1. d4 d5 2. Bf4 Nf6 3. h3 e6 4. e3 Bd6 5. Bxd6 Qxd6 6. c3 O-O 7. Nf3 Nbd7 8.
Be2 c6 9. O-O e5 10. dxe5 Nxe5 11. Nbd2 Rd8 12. Nxe5 Qxe5 13. Nf3 Qe7 14. a4
Ne4 15. Qd4 Bf5 16. Qe5 Qxe5 17. Nxe5 a5 18. Nf3 Nc5 19. b4 Ne4 20. Rfc1 h6 21.
b5 c5 22. c4 dxc4 23. Bxc4 b6 24. Ne5 Nd6 25. Nc6 Rd7 26. Bd5 Rc8 27. Bf3 Rcc7
28. Ne5 1/2-1/2

[Event "28.Schlosspark-Open"]
[Site "Wiesbaden-Biebrich"]
[Date "2016.08.26"]
[Round "3.57"]
[White "Wachsmann, Elmar"]
[Black "Haftmann, Rainer"]
[Result "1-0"]
[WhiteElo "1549"]
[BlackElo "1839"]
[PlyCount "129"]
[EventDate "2016.??.??"]
[WhiteTeam "SC GroÃŸ-Umstadt"]
[BlackTeam "SG Dietzenbach"]

1. d4 Nf6 2. Nf3 d5 3. c4 e6 4. Bf4 c6 5. Nc3 Nbd7 6. e3 Qa5 7. Be2 Ne4 8. Qb3
Bb4 9. Rc1 Bxc3+ 10. bxc3 O-O 11. O-O dxc4 12. Bxc4 Nb6 13. Bd3 Nf6 14. c4 Nbd7
15. c5 Re8 16. h3 Nf8 17. Ne5 Ng6 18. Nc4 Qd8 19. Bh2 Nd7 20. Nd6 Re7 21. Nxb7
Bxb7 22. Qxb7 Nxc5 23. Qb1 Rb7 24. Qc2 Nxd3 25. Qxd3 Qd7 26. Rb1 Rb6 27. Rb3
Rd8 28. Qc3 Rxb3 29. axb3 Qb7 30. Rc1 Rc8 31. b4 Ne7 32. Bd6 Nd5 33. Qa3 a6 34.
Ra1 Ra8 35. Kf1 Qb5+ 36. Ke1 Nb6 37. Qc3 Qd5 38. Bc5 Nd7 39. Kf1 e5 40. Qd3
exd4 41. Rxa6 Re8 42. Qxd4 Nxc5 43. Qxd5 cxd5 44. bxc5 Rd8 45. Ke2 Kf8 46. Kd3
Rb8 47. c6 Ke7 48. c7 Rc8 49. Ra7 Kd6 50. Kd4 Kc6 51. Ra5 Kb6 52. Rc5 Rxc7 53.
Rxc7 Kxc7 54. Kxd5 Kd7 55. Ke5 Ke7 56. h4 f6+ 57. Kd5 g6 58. g4 h6 59. f4 Kd7
60. e4 Ke7 61. e5 fxe5 62. fxe5 Kd7 63. e6+ Ke7 64. Ke5 g5 65. h5 1-0

[Event "28.Schlosspark-Open"]
[Site "Wiesbaden-Biebrich"]
[Date "2016.08.26"]
[Round "3.59"]
[White "Zeyen, Helmut"]
[Black "Schneider, Luca"]
[Result "1-0"]
[WhiteElo "1819"]
[BlackElo "1369"]
[PlyCount "113"]
[EventDate "2016.??.??"]
[WhiteTeam "Wiesbadener SV"]
[BlackTeam "FC Bierstadt"]

1. e4 Nf6 2. Nc3 d5 3. exd5 Nxd5 4. Nxd5 Qxd5 5. Qf3 c6 6. Ne2 Qxf3 7. gxf3 g6
8. d4 Bg7 9. c3 O-O 10. Be3 Nd7 11. O-O-O Nf6 12. h4 Be6 13. Kb1 Bd5 14. Bg2
Ng4 15. Nf4 Nxe3 16. fxe3 Bc4 17. b3 Ba6 18. c4 e5 19. dxe5 Bxe5 20. Nd3 Bg7
21. Nc5 Rfe8 22. Rd3 Bf8 23. Ne4 Red8 24. Rhd1 Rxd3 25. Rxd3 b5 26. c5 Be7 27.
Rd7 Bxh4 28. b4 Bc8 29. Rc7 Bf5 30. Rxc6 Bxe4+ 31. fxe4 Bf2 32. e5 Rd8 33. Rd6
Rxd6 34. exd6 Bxe3 35. c6 Bf4 36. c7 Kg7 37. c8=Q Bxd6 38. Qd7 Bxb4 39. Qd4+ f6
40. Qxb4 g5 41. Qe7+ Kg6 42. Be4+ Kh5 43. Qxh7+ Kg4 44. Qf5+ Kh4 45. Qxf6 Kh5
46. Qf3+ g4 47. Qg3 a5 48. Bf5 Kg5 49. Qxg4+ Kf6 50. Bd3 b4 51. Qf5+ Ke7 52.
Bc4 a4 53. Qe6+ Kd8 54. Bb5 Kc7 55. Qc6+ Kb8 56. Ba6 Ka7 57. Qb7# 1-0

[Event "28.Schlosspark-Open"]
[Site "Wiesbaden-Biebrich"]
[Date "2016.08.26"]
[Round "3.60"]
[White "Eg, Karlheinz"]
[Black "Fink, Michael"]
[Result "1-0"]
[WhiteElo "1817"]
[BlackElo "1109"]
[PlyCount "73"]
[EventDate "2016.??.??"]
[WhiteTeam "SV RÃ¼sselsheim"]
[BlackTeam "TuS Makkabi Wiesbaden"]

1. e4 e5 2. Nf3 Nc6 3. Bb5 f6 4. O-O a6 5. Bxc6 dxc6 6. Nxe5 fxe5 7. Qh5+ Kd7
8. d4 exd4 9. Rd1 Qe8 10. Rxd4+ Bd6 11. Qg4+ Kd8 12. Qxg7 Ne7 13. Bg5 Rf8 14.
e5 Qf7 15. Bxe7+ Kxe7 16. exd6+ cxd6 17. Qxf7+ Rxf7 18. Nc3 Bf5 19. Re1+ Kd7
20. Ne4 d5 21. Nc5+ Kd6 22. Nd3 Re7 23. Rxe7 Kxe7 24. Rf4 Be4 25. f3 Bg6 26. g4
b5 27. g5 Ke6 28. Rf6+ Kd7 29. Ne5+ Kc7 30. Rxc6+ Kb7 31. Rc5 Re8 32. Nxg6 hxg6
33. Rxd5 Re2 34. Rc5 Kb6 35. b4 a5 36. a3 axb4 37. axb4 1-0

[Event "28.Schlosspark-Open"]
[Site "Wiesbaden-Biebrich"]
[Date "2016.08.26"]
[Round "3.61"]
[White "Hartel, Sandro"]
[Black "Donecker, Stefan"]
[Result "1/2-1/2"]
[WhiteElo "1531"]
[BlackElo "1814"]
[PlyCount "44"]
[EventDate "2016.??.??"]
[WhiteTeam "SC Bendorf"]
[BlackTeam "TuS Dotzheim"]

1. e4 d5 2. exd5 Nf6 3. Bb5+ Bd7 4. Bxd7+ Qxd7 5. Nf3 Nxd5 6. O-O Nc6 7. d4 e6
8. c4 Nf6 9. Nc3 Be7 10. Re1 Rd8 11. Be3 O-O 12. a3 Ng4 13. d5 Nce5 14. Nxe5
Nxe5 15. b3 Ng6 16. b4 Bf6 17. Bd4 Bxd4 18. Qxd4 c6 19. Qxa7 exd5 20. cxd5 cxd5
21. Qd4 Qf5 22. Rac1 h5 1/2-1/2

[Event "28.Schlosspark-Open"]
[Site "Wiesbaden-Biebrich"]
[Date "2016.08.26"]
[Round "3.64"]
[White "Masoudi, Kian"]
[Black "Hahn, Florian"]
[Result "0-1"]
[WhiteElo "1594"]
[BlackElo "2145"]
[PlyCount "76"]
[EventDate "2016.??.??"]
[WhiteTeam "SC Bergen-Enkheim"]
[BlackTeam "SC Herborn"]

1. e4 c5 2. d4 cxd4 3. c3 d5 4. e5 dxc3 5. Nxc3 e6 6. Nf3 Nc6 7. a3 Nge7 8. Bg5
a6 9. Qa4 Qa5 10. Bd3 Qxa4 11. Nxa4 Ng6 12. Bxg6 hxg6 13. Nb6 Rb8 14. Rc1 Bd7
15. O-O Be7 16. Bxe7 Kxe7 17. Nd2 Nxe5 18. Nb3 Bc6 19. Nd4 Kd6 20. f4 Nd7 21.
Nxd7 Kxd7 22. Nf3 f6 23. Rfe1 Rhe8 24. g4 Rbc8 25. g5 Bb5 26. gxf6 gxf6 27. Nd4
Rxc1 28. Rxc1 Bd3 29. Rc3 Be4 30. Nb3 b6 31. Rh3 g5 32. fxg5 Rg8 33. g6 Rxg6+
34. Rg3 Rxg3+ 35. hxg3 e5 36. Kf2 Kd6 37. Nd2 Bg6 38. Nf3 d4 0-1

[Event "28.Schlosspark-Open"]
[Site "Wiesbaden-Biebrich"]
[Date "2016.08.26"]
[Round "3.65"]
[White "Viol, Julius"]
[Black "FrÃ¶mbgen, Andreas"]
[Result "0-1"]
[WhiteElo "1586"]
[BlackElo "1953"]
[PlyCount "126"]
[EventDate "2016.??.??"]
[WhiteTeam "FC Bierstadt"]
[BlackTeam "SK Gau-Algesheim"]

1. d4 Nf6 2. Nf3 g6 3. g3 Bg7 4. Bg2 O-O 5. O-O d6 6. Re1 Nbd7 7. Bd2 Ne4 8.
Nc3 Ndf6 9. Nxe4 Nxe4 10. Ng5 Nxd2 11. Qxd2 Bh6 12. f4 e5 13. dxe5 dxe5 14.
Qxd8 Rxd8 15. Rad1 Bg4 16. Kf2 c6 17. Ne4 Bg7 18. c3 exf4 19. gxf4 Re8 20. h3
Be6 21. a3 Re7 22. Nc5 Rc8 23. Nxe6 fxe6 24. Rd3 Rf8 25. e3 e5 26. Kf1 exf4 27.
exf4 Rxf4+ 28. Rf3 Rxe1+ 29. Kxe1 Re4+ 30. Kd1 Re7 31. Bf1 Bh6 32. Bc4+ Kg7 33.
Kc2 b5 34. Bd3 Be3 35. Rf1 Bc5 36. Rf4 Bd6 37. Re4 Kf6 38. Rxe7 Bxe7 39. Kd2
Ke5 40. Ke3 Bg5+ 41. Kf3 Bc1 42. c4 bxc4 43. Bxc4 Bxb2 44. a4 Kd4 45. Be6 c5
46. Ke2 c4 47. Kd2 Ba3 48. Kc2 Be7 49. Bg4 Bf6 50. Be6 c3 51. Bd7 Ke3 52. Be6
Kf4 53. Bg4 Kg3 54. Kd1 h5 55. Be6 g5 56. Ke2 g4 57. hxg4 hxg4 58. Bf5 Kf4 59.
Bg6 g3 60. Kf1 Kf3 61. Bh5+ Ke3 62. Bg6 Kd2 63. Kg2 Be5 0-1

[Event "28.Schlosspark-Open"]
[Site "Wiesbaden-Biebrich"]
[Date "2016.08.26"]
[Round "3.66"]
[White "KnÃ¶dler, Marcel"]
[Black "Fischer, Ulrich"]
[Result "1/2-1/2"]
[WhiteElo "1535"]
[BlackElo "1819"]
[PlyCount "69"]
[EventDate "2016.??.??"]
[WhiteTeam "FC Bierstadt"]
[BlackTeam "Frankfurter TV"]

1. d4 d5 2. Nf3 c6 3. Bf4 Nf6 4. e3 Bf5 5. c3 e6 6. Nbd2 Be7 7. Be2 h6 8. h3
Bh7 9. Qb3 Qb6 10. Bxb8 Rxb8 11. O-O Nd7 12. Rfc1 O-O 13. Ne1 e5 14. Nc2 Qxb3
15. Nxb3 Rbd8 16. Nd2 Rfe8 17. a4 Bf6 18. b4 Bxc2 19. Rxc2 exd4 20. cxd4 Bxd4
21. Rac1 Be5 22. Nb3 Bd6 23. b5 cxb5 24. axb5 Nb6 25. Ra1 Bb8 26. Rac1 Nd7 27.
Na5 Nb6 28. Nxb7 Rc8 29. Rxc8 Rxc8 30. Rxc8+ Nxc8 31. Na5 Bc7 32. Nc6 Kf8 33.
Bf3 Bb6 34. Ne5 Ne7 35. Nc6 1/2-1/2

[Event "28.Schlosspark-Open"]
[Site "Wiesbaden-Biebrich"]
[Date "2016.08.26"]
[Round "3.67"]
[White "Fernandez Garcia, Alfonso Javier"]
[Black "Bjoerknes, Uwe"]
[Result "1/2-1/2"]
[WhiteElo "1535"]
[BlackElo "1793"]
[PlyCount "26"]
[EventDate "2016.??.??"]
[WhiteTeam "SV Neu-Isenburg"]
[BlackTeam "vereinslos"]

1. e4 e5 2. Nf3 Nc6 3. Bb5 a6 4. Ba4 Nf6 5. d3 d6 6. c3 Be7 7. O-O O-O 8. Re1
Bg4 9. Nbd2 b5 10. Bc2 d5 11. exd5 Nxd5 12. h3 Bh5 13. Ne4 f5 1/2-1/2

[Event "28.Schlosspark-Open"]
[Site "Wiesbaden-Biebrich"]
[Date "2016.08.26"]
[Round "3.68"]
[White "Paeslack, Luis"]
[Black "BÃ¶rkey, Pierre"]
[Result "1-0"]
[WhiteElo "1784"]
[BlackElo "1399"]
[PlyCount "91"]
[EventDate "2016.??.??"]
[WhiteTeam "SK Mainaschaff"]
[BlackTeam "Wiesbadener SV"]

1. d4 Nf6 2. c4 e6 3. Nc3 Bb4 4. Nf3 d5 5. e3 O-O 6. Bd2 b6 7. Bd3 Bb7 8. O-O
c5 9. cxd5 exd5 10. b3 Ne4 11. Rc1 Nd7 12. Ne2 Bxd2 13. Nxd2 f5 14. f3 Nxd2 15.
Qxd2 Qe7 16. Rfe1 Rae8 17. Ng3 Qg5 18. Bb5 Qe7 19. dxc5 bxc5 20. Bxd7 Qxd7 21.
Rxc5 Qe7 22. Qc3 f4 23. Rc7 Qg5 24. Nh5 Rf7 25. Rxf7 Kxf7 26. Qc7+ Re7 27.
Qxf4+ Qxf4 28. Nxf4 d4 29. Kf2 g5 30. Nd3 dxe3+ 31. Rxe3 Rc7 32. Ne5+ Kf6 33.
Ng4+ Kf7 34. Kg3 Bd5 35. Re5 Be6 36. Rxg5 Rc2 37. Ra5 Rc7 38. Kf4 Kg6 39. Ra6
Kf7 40. Ke5 Bc8 41. Ra5 Ke7 42. Ne3 Rb7 43. Nd5+ Kf7 44. Rc5 Bd7 45. Rc7 Rxc7
46. Nxc7 1-0

[Event "28.Schlosspark-Open"]
[Site "Wiesbaden-Biebrich"]
[Date "2016.08.26"]
[Round "3.70"]
[White "Ebeling, Gereon"]
[Black "Flach, Helene"]
[Result "0-1"]
[WhiteElo "1343"]
[BlackElo "1712"]
[PlyCount "48"]
[EventDate "2016.??.??"]
[WhiteTeam "SK Mainaschaff"]
[BlackTeam "SK Langen"]

1. e4 c5 2. Nf3 e6 3. d4 cxd4 4. Nxd4 a6 5. Nf3 Qc7 6. Nc3 b6 7. Be3 Bb7 8. a3
Nf6 9. Bd3 d6 10. O-O Nbd7 11. h3 Be7 12. Nh2 d5 13. exd5 Nxd5 14. Nxd5 Bxd5
15. Ng4 O-O 16. Qe2 Qb7 17. f3 b5 18. Bd4 Nc5 19. c4 bxc4 20. Bxc4 Bxc4 21.
Qxc4 Nb3 22. Ra2 Rac8 23. Qa4 Nxd4 24. Qxd4 Bc5 0-1

[Event "28.Schlosspark-Open"]
[Site "Wiesbaden-Biebrich"]
[Date "2016.08.26"]
[Round "3.71"]
[White "van BÃ¶mmel, Philipp"]
[Black "Jahraus, Marlis"]
[Result "1-0"]
[WhiteElo "1730"]
[BlackElo "1453"]
[PlyCount "45"]
[EventDate "2016.??.??"]
[WhiteTeam "SC Hattersheim"]
[BlackTeam "SC Untergrombach"]

1. c4 f5 2. Nc3 Nf6 3. g3 g6 4. Bg2 Bg7 5. d3 O-O 6. e3 e5 7. Nge2 d6 8. O-O c6
9. Rb1 a5 10. a3 Qe8 11. b4 g5 12. f4 exf4 13. exf4 Ng4 14. Rf3 gxf4 15. gxf4
Qg6 16. Rg3 Qe6 17. b5 Bd7 18. bxc6 Bxc6 19. Nd5 Na6 20. h3 Nf6 21. Nd4 Qf7 22.
Nxf5 Nh5 23. Nh6+ 1-0

[Event "28.Schlosspark-Open"]
[Site "Wiesbaden-Biebrich"]
[Date "2016.08.26"]
[Round "3.72"]
[White "Meyer, Marcel"]
[Black "Reinecke, Alexander"]
[Result "1-0"]
[WhiteElo "1676"]
[BlackElo "1118"]
[PlyCount "55"]
[EventDate "2016.??.??"]
[WhiteTeam "SC Herborn"]
[BlackTeam "SK Langen"]

1. d4 d5 2. c4 dxc4 3. e3 Nf6 4. Nc3 Bg4 5. Nf3 e6 6. Bxc4 Bb4 7. Qa4+ Nc6 8.
Ne5 Bxc3+ 9. bxc3 O-O 10. Nxc6 bxc6 11. Qxc6 Nd5 12. Bd2 Qd6 13. Qxd6 cxd6 14.
Bxd5 exd5 15. Bc1 Rab8 16. Ba3 Rfd8 17. Kd2 Kf8 18. Rab1 Ke7 19. Rb3 Bf5 20.
Re1 Rb6 21. Rxb6 axb6 22. Bb4 Ra8 23. a3 b5 24. f3 Ke6 25. e4 Bg6 26. e5 dxe5
27. Rxe5+ Kf6 28. Be7# 1-0

[Event "28.Schlosspark-Open"]
[Site "Wiesbaden-Biebrich"]
[Date "2016.08.26"]
[Round "3.74"]
[White "Deutsch, Volker"]
[Black "Ebeling, Leander"]
[Result "0-1"]
[WhiteElo "1600"]
[BlackElo "1809"]
[PlyCount "162"]
[EventDate "2016.??.??"]
[WhiteTeam "SK GrÃ¼ndau"]
[BlackTeam "SK Mainaschaff"]

1. e4 c6 2. d4 d5 3. exd5 cxd5 4. Bd3 Nc6 5. Nf3 e6 6. Bf4 Nge7 7. Nbd2 Ng6 8.
Bg3 Qb6 9. Nb3 Be7 10. c3 O-O 11. O-O a5 12. a4 Bd7 13. Qc2 Rac8 14. Rfe1 Nb4
15. Qd1 Nxd3 16. Qxd3 Qxb3 17. Re2 Bxa4 18. Rb1 Bb5 19. Qd2 Bxe2 20. Qxe2 Rxc3
21. Nd2 Qa2 22. bxc3 Bg5 23. Rd1 Rc8 24. Qd3 Bxd2 25. Rxd2 Qa1+ 26. Rd1 Qxc3
27. Qxc3 Rxc3 28. Kf1 Rc8 29. Rb1 a4 30. Rxb7 Ra8 31. Rb1 h6 32. Bd6 Nf8 33.
Ra1 Nh7 34. Ke2 Nf6 35. f3 g5 36. g4 Nd7 37. Kd3 Nb6 38. Kc3 Nc4 39. Bb4 Kh7
40. Ra2 Kg6 41. Kd3 f5 42. Bc3 fxg4 43. fxg4 a3 44. h3 Nb2+ 45. Kc2 Nc4 46. Kd3
Rf8 47. Ke2 Re8 48. Kd3 h5 49. Ra1 Rb8 50. Ra2 Rb1 51. Ra1 Rb3 52. Kc2 Rb7 53.
Kd3 Rf7 54. Ke2 hxg4 55. hxg4 Rf4 56. Rg1 e5 57. dxe5 Nxe5 58. Bxe5 Re4+ 59.
Kd3 Rxe5 60. Kd4 Kf6 61. Ra1 Re4+ 62. Kxd5 Ra4 63. Rf1+ Kg6 64. Ke5 Ra5+ 65.
Ke4 a2 66. Ra1 Kf6 67. Rf1+ Ke6 68. Ra1 Ra4+ 69. Ke3 Ke5 70. Kd3 Kf4 71. Rf1+
Kxg4 72. Ra1 Ra3+ 73. Ke2 Kh4 74. Kf2 g4 75. Kg2 g3 76. Rh1+ Kg4 77. Ra1 Kf4
78. Rf1+ Ke4 79. Re1+ Kd3 80. Rd1+ Kc2 81. Ra1 Kb2 0-1

[Event "28.Schlosspark-Open"]
[Site "Wiesbaden-Biebrich"]
[Date "2016.08.26"]
[Round "3.75"]
[White "GieÃŸelbach, Christian"]
[Black "Anhalt, Albert"]
[Result "0-1"]
[WhiteElo "1588"]
[BlackElo "1792"]
[PlyCount "28"]
[EventDate "2016.??.??"]
[WhiteTeam "TuS Dotzheim"]
[BlackTeam "SG Idstein"]

1. d4 d5 2. c4 e5 3. dxe5 d4 4. Nf3 Nc6 5. e3 Bb4+ 6. Bd2 dxe3 7. fxe3 Bc5 8.
Nc3 Bf5 9. Be2 Nge7 10. b3 a6 11. Bc1 O-O 12. Nd5 Nxd5 13. cxd5 Nb4 14. Bc4
Nc2+ 0-1

[Event "28.Schlosspark-Open"]
[Site "Wiesbaden-Biebrich"]
[Date "2016.08.26"]
[Round "3.76"]
[White "KÃ¼nne, Lutz Dieter"]
[Black "KÃ¼nitz, Klaus"]
[Result "1-0"]
[WhiteElo "1574"]
[BlackElo "1775"]
[PlyCount "49"]
[EventDate "2016.??.??"]
[WhiteTeam "KC Jena"]
[BlackTeam "TSV Schott Mainz"]

1. e4 e5 2. Nf3 d6 3. d4 exd4 4. Nxd4 Nf6 5. Nc3 Nc6 6. Bb5 Bd7 7. O-O Be7 8.
h3 O-O 9. Re1 a6 10. Bf1 Nxd4 11. Qxd4 Bc6 12. Nd5 Re8 13. Nxe7+ Qxe7 14. Bf4
h6 15. e5 dxe5 16. Rxe5 Qd8 17. Qe3 Nd5 18. Rxe8+ Qxe8 19. Qd2 Nxf4 20. Qxf4
Qd7 21. Bd3 Re8 22. Rd1 Qd5 23. Bh7+ Kxh7 24. Rxd5 Bxd5 25. Qf5+ 1-0

[Event "28.Schlosspark-Open"]
[Site "Wiesbaden-Biebrich"]
[Date "2016.08.26"]
[Round "3.77"]
[White "Niedenthal, Robert"]
[Black "KÃ¶llner, Felicitas Ophelia"]
[Result "1/2-1/2"]
[WhiteElo "1769"]
[BlackElo "1600"]
[PlyCount "102"]
[EventDate "2016.??.??"]
[WhiteTeam "SV Hofheim"]
[BlackTeam "SV Bergneustadt/Derschlag"]

1. c4 c6 2. e4 d6 3. Nc3 Nf6 4. Nf3 e5 5. Be2 Be7 6. O-O O-O 7. d4 Nbd7 8. b3
Re8 9. Bg5 exd4 10. Qxd4 Nc5 11. Rad1 Ne6 12. Qd2 Nxg5 13. Nxg5 Qc7 14. h3 Bf8
15. Bd3 Bd7 16. Bb1 Rad8 17. Qf4 h6 18. Nf3 Qa5 19. Qd2 Qh5 20. Ne2 Qc5 21. Ng3
a5 22. Rfe1 Nh7 23. Qc2 g6 24. Qd2 Ng5 25. Nxg5 Qxg5 26. Qxg5 hxg5 27. f3 Be6
28. Nf1 Bg7 29. Kh2 Be5+ 30. g3 Kg7 31. Kg2 Rh8 32. g4 b6 33. Ne3 Rh7 34. Nc2
c5 35. Rh1 Rdh8 36. Ne3 Ra8 37. a4 Rah8 38. Bd3 Bf4 39. Nc2 Be5 40. Na3 Bd7 41.
Nc2 Be6 42. Na3 Bd7 43. Nb1 Be6 44. Nd2 Re8 45. Nf1 Bf4 46. Bb1 Rhh8 47. Ng3
Rd8 48. Ne2 Be5 49. Rdf1 Rdf8 50. Ng3 Bf4 51. Ne2 Be5 1/2-1/2

[Event "28.Schlosspark-Open"]
[Site "Wiesbaden-Biebrich"]
[Date "2016.08.26"]
[Round "3.78"]
[White "Krischak, Werner"]
[Black "Hoppe, Florian"]
[Result "1-0"]
[WhiteElo "1767"]
[BlackElo "1590"]
[PlyCount "61"]
[EventDate "2016.??.??"]
[WhiteTeam "SK Marburg"]
[BlackTeam "SV Worms"]

1. d4 Nf6 2. Nf3 g6 3. c4 d5 4. cxd5 Nxd5 5. e4 Nb6 6. Nc3 Bg7 7. Be2 Bg4 8.
Be3 O-O 9. a4 Nc6 10. a5 Bxf3 11. gxf3 Nd7 12. d5 Ncb8 13. a6 b6 14. Bb5 Ne5
15. f4 c6 16. Be2 Ned7 17. e5 Qc8 18. Bf3 cxd5 19. Nxd5 Nc6 20. Rc1 Rd8 21.
Nxe7+ Nxe7 22. Rxc8 Raxc8 23. Qb3 Nc5 24. Bxc5 Rxc5 25. O-O Bh6 26. Rd1 Rxd1+
27. Qxd1 Nf5 28. Qd8+ Kg7 29. Be4 Nh4 30. Qf6+ Kg8 31. Qxh4 1-0

[Event "28.Schlosspark-Open"]
[Site "Wiesbaden-Biebrich"]
[Date "2016.08.26"]
[Round "3.79"]
[White "Bonrath, Werner"]
[Black "Reinisch, Markus"]
[Result "0-1"]
[WhiteElo "1552"]
[BlackElo "1719"]
[PlyCount "42"]
[EventDate "2016.??.??"]
[WhiteTeam "SK Ebringen"]
[BlackTeam "Wiesbadener SV"]

1. Nf3 d5 2. e4 dxe4 3. Ng5 Nf6 4. Bc4 e6 5. Nc3 Bd7 6. Ncxe4 Nxe4 7. Nxe4 Bc6
8. f3 Bxe4 9. fxe4 Qh4+ 10. g3 Qxe4+ 11. Kf2 Bc5+ 12. Kf1 Qxh1+ 13. Ke2 Qe4+
14. Kf1 Qxc4+ 15. d3 Qd4 16. Kg2 Nd7 17. c3 Qf2+ 18. Kh3 h5 19. Bg5 Qf5+ 20.
Kh4 f6 21. Qd2 Qg4# 0-1

[Event "28.Schlosspark-Open"]
[Site "Wiesbaden-Biebrich"]
[Date "2016.08.26"]
[Round "3.80"]
[White "FÃ¼ssel, Jan Michael"]
[Black "Roth, Michael"]
[Result "1-0"]
[WhiteElo "1718"]
[BlackElo "1540"]
[PlyCount "129"]
[EventDate "2016.??.??"]
[WhiteTeam "VSG Offenbach"]
[BlackTeam "SC Lerchenberg/ZMO"]

1. b3 e5 2. Bb2 Nc6 3. e3 d5 4. Bb5 Bd7 5. Bxc6 Bxc6 6. Bxe5 Qg5 7. Bg3 h5 8.
Nf3 Qf6 9. d4 Bd7 10. Bxc7 Bd6 11. Bxd6 Qxd6 12. O-O Bg4 13. Nbd2 O-O-O 14. c4
Ne7 15. Rc1 Kb8 16. h3 Ng6 17. cxd5 Nh4 18. Qc2 Nxf3+ 19. Nxf3 Bxf3 20. gxf3 g5
21. Qf5 g4 22. fxg4 hxg4 23. Qe5 Rxh3 24. Qxd6+ Rxd6 25. Kg2 a5 26. Rh1 Rf3 27.
Rc5 b6 28. Rc6 Rxd5 29. Rxb6+ Kc7 30. Rhh6 Rdf5 31. Rbc6+ Kb7 32. Rc2 g3 33.
fxg3 Rxe3 34. Rf2 Rxf2+ 35. Kxf2 Re7 36. Rf6 Rc7 37. Ke3 Kc8 38. Ra6 Rc3+ 39.
Kf4 Rd3 40. Rxa5 Rxd4+ 41. Kf5 Rd3 42. g4 Rf3+ 43. Kg5 Kb7 44. Rf5 Rg3 45.
Rxf7+ Kb8 46. Rf5 Kb7 47. Rc5 Rg2 48. a4 Kb6 49. Rb5+ Ka6 50. Kf4 Ka7 51. g5
Ka6 52. Kf5 Rf2+ 53. Kg6 Ka7 54. Kg7 Rf3 55. g6 Rg3 56. Kf6 Rf3+ 57. Rf5 Rxb3
58. g7 Rb8 59. Rg5 Ka6 60. g8=Q Rb6+ 61. Kf5 Rb4 62. Qe6+ Ka7 63. Rg7+ Ka8 64.
Qc8+ Rb8 65. Qa6# 1-0

[Event "28.Schlosspark-Open"]
[Site "Wiesbaden-Biebrich"]
[Date "2016.08.26"]
[Round "3.81"]
[White "Gilg, Alfred"]
[Black "Mayer, Rolf"]
[Result "1-0"]
[WhiteElo "1695"]
[BlackElo "1510"]
[PlyCount "57"]
[EventDate "2016.??.??"]
[WhiteTeam "TuS Dotzheim"]
[BlackTeam "SC FlÃ¶rsheim"]

1. Nf3 d5 2. c4 dxc4 3. Na3 Nf6 4. Nxc4 h6 5. g3 Bf5 6. Bg2 c6 7. O-O Nbd7 8.
d3 Nb6 9. b3 Nxc4 10. bxc4 e6 11. Bb2 Be7 12. Qb3 Qb6 13. Nd4 Qxb3 14. axb3 Bh7
15. Nxc6 Kd7 16. Nxa7 Bc5 17. Nb5 Rxa1 18. Rxa1 Ng4 19. d4 Bb6 20. c5 Bc7 21.
Ra7 Rb8 22. Bxb7 Be4 23. Ba6 Rxb5 24. Bxb5+ Bc6 25. Bd3 Nf6 26. b4 Be4 27. Bxe4
Nxe4 28. d5 exd5 29. Be5 1-0

[Event "28.Schlosspark-Open"]
[Site "Wiesbaden-Biebrich"]
[Date "2016.08.26"]
[Round "3.82"]
[White "Bayer, Martin"]
[Black "Schreer, Maxima"]
[Result "1-0"]
[WhiteElo "1692"]
[BlackElo "1422"]
[PlyCount "113"]
[EventDate "2016.??.??"]
[WhiteTeam "SK GrÃ¼ndau"]
[BlackTeam "SC Hattersheim"]

1. e4 e5 2. Nf3 Nc6 3. d4 d6 4. d5 Nce7 5. c4 Nf6 6. Nc3 Ng6 7. g3 h6 8. Bg2
Bg4 9. O-O Be7 10. Qc2 O-O 11. Ne1 Qc8 12. f3 Bd7 13. Nd3 b6 14. f4 exf4 15.
Nxf4 Ne5 16. b3 Re8 17. Bd2 a6 18. Nd3 Nfg4 19. Nxe5 dxe5 20. Bf3 Bc5+ 21. Kg2
Nf6 22. Kh1 Bg4 23. Bxg4 Qxg4 24. Kg2 h5 25. Rf3 h4 26. h3 Qg6 27. Raf1 Nh5 28.
g4 Rf8 29. Be1 Be7 30. Kh2 Nf6 31. Rf5 Rad8 32. Kh1 Nh7 33. Rxe5 Bf6 34. Ref5
Rfe8 35. Ne2 Re5 36. Nf4 Qh6 37. Bd2 Rxf5 38. exf5 Bg5 39. Rf2 Re8 40. Qc1 Re4
41. Ng2 Bxd2 42. Qxd2 Qd6 43. Rf4 Rxf4 44. Qxf4 Qxf4 45. Nxf4 Nf6 46. Ng2 Ne4
47. Nxh4 Nc3 48. a4 Kf8 49. Kg2 Ke7 50. Nf3 Kd6 51. Ng5 f6 52. Ne6 b5 53. axb5
axb5 54. Nxg7 bxc4 55. bxc4 Kc5 56. Ne8 Kb6 57. Nxf6 1-0

[Event "28.Schlosspark-Open"]
[Site "Wiesbaden-Biebrich"]
[Date "2016.08.26"]
[Round "3.83"]
[White "Goodwin, David"]
[Black "Diener, Carolin Valeria"]
[Result "1/2-1/2"]
[WhiteElo "1504"]
[BlackElo "1692"]
[PlyCount "56"]
[EventDate "2016.??.??"]
[WhiteTeam "SV Kelsterbach"]
[BlackTeam "SK Bad Homburg"]

1. Nf3 d5 2. g3 Nf6 3. d3 Nc6 4. Bg2 e5 5. O-O Be7 6. Nbd2 Bg4 7. c4 O-O 8.
cxd5 Nxd5 9. Ne4 Qd7 10. a3 Bh3 11. Qa4 Bxg2 12. Kxg2 Kh8 13. h4 f5 14. Neg5 h6
15. Rh1 hxg5 16. hxg5+ Kg8 17. Qh4 Qe6 18. Qh5 Nf6 19. gxf6 Bxf6 20. Qg6 Ne7
21. Qh5 Nc6 22. Be3 e4 23. dxe4 fxe4 24. Ng5 Bxg5 25. Qh7+ Kf7 26. Qh5+ g6 27.
Qxg5 Qf5 28. Rh7+ Ke8 1/2-1/2